<?xml version="1.0" encoding="UTF-8"?>
<record
    xmlns:xsi="http://www.w3.org/2001/XMLSchema-instance"
    xsi:schemaLocation="http://www.loc.gov/MARC21/slim http://www.loc.gov/standards/marcxml/schema/MARC21slim.xsd"
    xmlns="http://www.loc.gov/MARC21/slim">

  <leader>01622nam a2200253Ia 4500</leader>
  <controlfield tag="003">OSt</controlfield>
  <controlfield tag="005">20210831145325.0</controlfield>
  <controlfield tag="008">210310s2002    ck ad  gr     000 0 spa d</controlfield>
  <datafield tag="020" ind1=" " ind2=" ">
    <subfield code="a">9586824233</subfield>
  </datafield>
  <datafield tag="040" ind1=" " ind2=" ">
    <subfield code="a">CO-JMCR</subfield>
    <subfield code="c">CO-JMCR</subfield>
  </datafield>
  <datafield tag="041" ind1="0" ind2=" ">
    <subfield code="a">spa</subfield>
  </datafield>
  <datafield tag="082" ind1="0" ind2="4">
    <subfield code="a">338.6048 /</subfield>
    <subfield code="b">M777p</subfield>
    <subfield code="2">23</subfield>
  </datafield>
  <datafield tag="100" ind1="1" ind2=" ">
    <subfield code="a">Montenegro, Santiago,</subfield>
    <subfield code="e">autor </subfield>
    <subfield code="9">27916</subfield>
  </datafield>
  <datafield tag="245" ind1="1" ind2="0">
    <subfield code="a">Propuestas para una Colombia competitiva / </subfield>
    <subfield code="c">Santiago Montenegro, Roberto Steiner </subfield>
  </datafield>
  <datafield tag="260" ind1=" " ind2=" ">
    <subfield code="a">Bogot&#xE1; : </subfield>
    <subfield code="b">Universidad de los Andes, facultad de Econom&#xED;a, </subfield>
    <subfield code="c">2002.</subfield>
  </datafield>
  <datafield tag="300" ind1=" " ind2=" ">
    <subfield code="a">xxv, 356 p&#xE1;ginas : </subfield>
    <subfield code="b">ilustraciones y gr&#xE1;ficas en blanco y negro ; </subfield>
    <subfield code="c">24 cm.</subfield>
  </datafield>
  <datafield tag="500" ind1=" " ind2=" ">
    <subfield code="a">Incluye bibliograf&#xED;a y notas a pie de p&#xE1;gina.</subfield>
  </datafield>
  <datafield tag="505" ind1=" " ind2=" ">
    <subfield code="t">Proyecto indicadores de competitividad. / </subfield>
    <subfield code="r">Fabio S&#xE1;nchez, Paula Acosta. --   </subfield>
    <subfield code="t">La tecnolog&#xED;a de la informaci&#xF3;n y de las comunicaciones en Colombia. / </subfield>
    <subfield code="r">Santiago Montenegro, Luis Carlos Ni&#xF1;o. -- </subfield>
    <subfield code="t">&#xBF;C&#xF3;mo atraer m&#xE1;s inversi&#xF3;n extranjera a Colombia?. / </subfield>
    <subfield code="r">Roberto Steiner, Natalia Salazar. -- </subfield>
    <subfield code="t">La gesti&#xF3;n ambiental y sus efectos sobre la acometividad de la industria en Colombia. /  </subfield>
    <subfield code="r">Eduardo Uribe, Guillermo Cruz, Harold Coronado. -- </subfield>
    <subfield code="t">Instituciones para la competitividad. / </subfield>
    <subfield code="r">Sergio Montenegro, Luis Carlos Ni&#xF1;o y Roberto Gisbert. -- </subfield>
    <subfield code="t">Petr&#xF3;leo, vulnerabilidad de la econom&#xED;a colombiana y pol&#xED;ticas de estabilizaci&#xF3;n. / </subfield>
    <subfield code="r">Rodrigo Suesc&#xFA;n, Santiago Montenegro y Renata Pardo.</subfield>
  </datafield>
  <datafield tag="650" ind1="1" ind2="4">
    <subfield code="a">Econom&#xED;a </subfield>
    <subfield code="z">Colombia</subfield>
    <subfield code="9">27918</subfield>
  </datafield>
  <datafield tag="650" ind1="2" ind2="4">
    <subfield code="a">Gesti&#xF3;n ambiental </subfield>
    <subfield code="v">Econom&#xED;a </subfield>
    <subfield code="z">Colombia</subfield>
    <subfield code="9">39830</subfield>
  </datafield>
  <datafield tag="650" ind1="2" ind2="4">
    <subfield code="a">Inversi&#xF3;n extranjera </subfield>
    <subfield code="v">Estrategia </subfield>
    <subfield code="z">Colombia </subfield>
    <subfield code="9">39831</subfield>
  </datafield>
  <datafield tag="700" ind1="1" ind2=" ">
    <subfield code="a">Steiner, Roberto,</subfield>
    <subfield code="e">autor</subfield>
    <subfield code="9">7310</subfield>
  </datafield>
  <datafield tag="942" ind1=" " ind2=" ">
    <subfield code="2">ddc</subfield>
    <subfield code="c">BK</subfield>
  </datafield>
  <datafield tag="999" ind1=" " ind2=" ">
    <subfield code="c">12325</subfield>
    <subfield code="d">12325</subfield>
  </datafield>
  <datafield tag="952" ind1=" " ind2=" ">
    <subfield code="0">0</subfield>
    <subfield code="1">0</subfield>
    <subfield code="2">ddc</subfield>
    <subfield code="4">0</subfield>
    <subfield code="7">0</subfield>
    <subfield code="a">CPL</subfield>
    <subfield code="b">CPL</subfield>
    <subfield code="c">GEN</subfield>
    <subfield code="d">2018-04-15</subfield>
    <subfield code="e">Donaci&#xF3;n</subfield>
    <subfield code="o">338.6048 / M777p</subfield>
    <subfield code="p">430005694</subfield>
    <subfield code="r">2024-05-16 00:00:00</subfield>
    <subfield code="t">Ej.1</subfield>
    <subfield code="w">2021-03-10</subfield>
    <subfield code="y">BK</subfield>
  </datafield>
</record>
